Minecraft Structures - Statistics

General Stats
  • This quiz has been taken 432 times
  • The average score is 15 of 25
Answer Stats
Structure % Correct
Village
97%
Desert Pyramid
94%
Jungle Temple
88%
Nether Fortress
83%
End City
82%
Bastion Remnant
80%
Woodland Mansion
78%
Stronghold
76%
Pillager Outpost
72%
Ocean Monument
70%
Ruined Portal
70%
Mineshaft
67%
Shipwreck
63%
Desert Well
60%
Ancient City
59%
Dungeon
52%
Swamp Hut
52%
Igloo
51%
Ocean Ruins
51%
Buried Treasure
36%
Fossil
30%
Nether Fossil
30%
Geode
24%
Iceberg
4%
Forest Rock
2%
No matching quizzes found
Score Distribution
Percent of People with Each Score
Percentile by Number Answered
Your Score History
You have not taken this quiz